Countries of the Middle East with flags - Statistics

General Stats
  • This quiz has been taken 20 times
  • The average score is 14 of 15
Answer Stats
Picture Answer % Correct
Egypt
100%
Iran
100%
Iraq
100%
Lebanon
100%
Qatar
100%
Saudi arabia
100%
Turkey
100%
Bahrain
94%
Israel
94%
Jordan
94%
Kuwait
94%
Oman
94%
Syria
94%
Yemen
94%
UAE
81%
No matching quizzes found
Score Distribution
Percent of People with Each Score
Percentile by Number Answered
Your Score History
You have not taken this quiz